Vista normal
Vista MARC
Entrada Topical Term
Número de registros utilizados en: 1
001 - CONTROL NUMBER
- control field: 40225
003 - CONTROL NUMBER IDENTIFIER
- control field: OSt
005 - DATE AND TIME OF LATEST TRANSACTION
- control field: 20210910094730.0
008 - FIXED-LENGTH DATA ELEMENTS
- fixed length control field: 210910|| aca||aabn | a|a d
040 ## - CATALOGING SOURCE
- Original cataloging agency: OSt
- Transcribing agency: OSt
150 ## - HEADING--TOPICAL TERM
- Form subdivision: Petróleo
- Topical term or geographic name entry element: Tasa de cambio
670 ## - SOURCE DATA FOUND
- Source citation: Work cat.: (OSt)12410: Gómez, Hernando José, autor 40223, Colombia frente a destorcida en los precios del petróleo / , 2014.